KAIZEN - inovatívny prístup riadenia podniku

KAIZEN sú dlhodobé, trvalé, plynulé zmeny k lepšiemu. Cieľ zavedenia systému kaizen, využívané nástroje, techniky a procesy v rámci systému kaizen. Kaizen verzus inovácie. Tradičný systém riadenia a kaizen. Stratégia kaizen. Kaizen Blitz - bleskový kaizen. Kaizen a systém zlepšovacích návrhov.

Gespeichert in:
Bibliographische Detailangaben
1. Verfasser: Hrašková, Dagmar
Format: Buchkapitel
Sprache:Slowakisch
Schlagworte:
Tags: Tag hinzufügen
Keine Tags, Fügen Sie das erste Tag hinzu!

MARC

LEADER 00000naa$a2200000$$$4500
001 0114095
005 20231120112727.0
041 0 |a slo 
044 |a SK 
245 1 0 |a KAIZEN - inovatívny prístup riadenia podniku  |c Dagmar Hrašková 
520 |a KAIZEN sú dlhodobé, trvalé, plynulé zmeny k lepšiemu. Cieľ zavedenia systému kaizen, využívané nástroje, techniky a procesy v rámci systému kaizen. Kaizen verzus inovácie. Tradičný systém riadenia a kaizen. Stratégia kaizen. Kaizen Blitz - bleskový kaizen. Kaizen a systém zlepšovacích návrhov. 
610 2 0 |a riadenie podnikové 
610 2 0 |a metódy riadenia 
610 2 0 |a inovácia 
610 2 0 |a výroba 
610 2 0 |a plánovanie výroby 
610 2 0 |a náklady 
100 1 |a Hrašková, Dagmar